Anyone but Olympe Maxime Quiz Stats

 Plays Quiz not verified by Sporcle

Score 0/24 Timer 05:00
0 Plays Today
Hint Answer % Correct
Have first and last names that both end with the same letterFleur Delacour
99.1%
Are FrenchFleur Delacour
99.1%
Have at least one parent who is a giant or giantess Rubeus Hagrid
96.8%
Were judges in the Triwizard Tornament (permanent or stand in)Albus Dumbledore
94.6%
Are FrenchGabrielle Delacour
93.7%
Were judges in the Triwizard Tornament (permanent or stand in)Igor Karkaroff
92.3%
Have at least one parent who is a giant or giantess Grawp
90.1%
Were judges in the Triwizard Tornament (permanent or stand in)Barty Crouch Sr.
89.6%
Were judges in the Triwizard Tornament (permanent or stand in)Percy Weasley (stand in at the second task)
86.5%
Have first and last names that both end with the same letterPercy Weasley
86.5%
Were judges in the Triwizard Tornament (permanent or stand in)Ludovic Bagman
85.1%
Have an X somewhere in their namesXenophilius Lovegood
84.8%
Hint Answer % Correct
Have first names beginning with OOliver Wood
77.9%
Have first and last names that both end with the same letterGinny Weasley
77%
Were judges in the Triwizard Tornament (permanent or stand in)Cornelius Fudge (stand in at the third task)
71.2%
Have first and last names that both end with the same letterMolly Weasley
71.2%
Have first and last names that both end with the same letterDudley Dursley
55.9%
Have at least one parent who is a giant or giantess Karkus
54.1%
Have an X somewhere in their namesBellatrix Lestrange
54.1%
Have an X somewhere in their namesCorban Yaxley
51.3%
Have first and last names that both end with the same letterPoppy Pomfrey
32.9%
Have first and last names that both end with the same letterPiers Polkiss
17.6%
Have first and last names that both end with the same letterHepzibah Smith
13.5%
Have first and last names that both end with the same letterPhineas Nigellus
12.6%

You're not logged in!

Compare scores with friends on all Sporcle quizzes.
OR
Log In

Show Comments

Extras

Created May 16, 2019ReportNominate
Tags:200, 200 Harry, anyone, apart, harry

Top Quizzes Today


Score Distribution

Your Account Isn't Verified!

In order to create a playlist on Sporcle, you need to verify the email address you used during registration. Go to your Sporcle Settings to finish the process.

Report this User

Report this user for behavior that violates our Community Guidelines.

Details: